| 000 | 00450nam a2200169 i 4500 | ||
|---|---|---|---|
| 001 | 93043 | ||
| 003 | ES-MaACL | ||
| 005 | 20230906181120.0 | ||
| 007 | t| | ||
| 008 | 050407s1960 sp ||||1| spa d | ||
| 245 | 0 | 0 |
_aLogaritmos / _cEscuelas Internacionales. |
| 250 | _a1ยช ed. | ||
| 260 |
_aMadrid : _b[s.n.], _c1960. |
||
| 300 |
_a19 p. ; _c19 cm. |
||
| 710 | 2 |
_aEscuelas Internacionales (Madrid) _93619 |
|
| 852 |
_aES-MaACL _j2021-F-14 _bR.47077 |
||
| 999 |
_c93043 _d93043 |
||